Größte Fußballer aller Zeiten - Statistiken

Allgemein
  • Dieses Quiz wurde 268 mal gespielt
  • Das Durchschnittsergebnis liegt bei 26 aus 39
Antwortstatistiken
Bildquiz Antwort % Korrekt
Pele
100%
Cristiano Ronaldo
99%
Ronaldo (R9)
99%
Diego Maradona
98%
Lionel Messi
98%
Zinédine Zidane
97%
Franz Beckenbauer
94%
Neymar
91%
Ronaldinho
88%
Paolo Maldini
85%
Johan Cruyff
84%
Xavi
83%
Thierry Henry
82%
Andres Iniesta
81%
Kaka
81%
Roberto Carlos
81%
Eusebio
75%
Iker Casillas
75%
Luis Figo
75%
Ruud Gullit
73%
Gianluigi Buffon
71%
Ferenc Puskas
68%
George Best
58%
Marco van Basten
54%
Michel Platini
53%
Bobby Charlton
51%
Lev Yashin
51%
Roberto Baggio
50%
Franco Baresi
47%
Alfredo di Stefano
44%
Karl-Heinz Rummenigge
44%
Zico
43%
Garrincha
41%
Fabio Cannavaro
38%
Romario
38%
Bobby Moore
32%
Kevin Keegan
26%
Andrij Schewtschenko
19%
Hristo Stoitschkow
11%
Keine übereinstimmenden Quizze gefunden
Verteilung der Resultate
Anzahl Personen mit jedem Resultat
Perzentil nach korrekt beantworteten Fragen
Ihre Resultats-Entwicklung
Sie haben dieses Quiz noch nicht gespielt